[Event "SVK-chT3A2 2223"]
[Site "Slovakia"]
[Date "2022.12.04"]
[Round "3.4"]
[White "Vogl, Zdenek"]
[Black "Mihalik, Anton"]
[Result "0-1"]
[WhiteElo "1824"]
[BlackElo "1924"]
[PlyCount "52"]
[EventDate "2022.10.16"]
[EventType "team-tourn"]
[EventRounds "9"]
[EventCountry "SVK"]
[SourceTitle "EXT 2024"]
[Source "ChessBase"]
[SourceDate "2023.10.10"]
[SourceVersion "1"]
[SourceVersionDate "2023.10.10"]
[SourceQuality "1"]
[WhiteTeam "Skalica"]
[BlackTeam "Piestany Kupele II"]
[WhiteTeamCountry "SVK"]
[BlackTeamCountry "SVK"]

1. e4 c5 2. Nf3 Nc6 3. d4 cxd4 4. Nxd4 e6 5. Be3 Nf6 6. Nd2 Be7 7. Bb5 a6 8. Ba4 0-0 9. 0-0 b5 10. Bb3 Qc7 11. c3 Bb7 12. Bc2 Rac8 13. Rc1 h6 14. Qe2 Bd6 15. h3 Bf4 16. f3 Nh5 17. Bxf4 Qxf4 18. Rfd1 Rc7 19. Nf1 Nxd4 20. cxd4 Rfc8 21. Rd2 Qg5 22. Rcd1 Nf4 23. Qe3 Rxc2 24. h4 Nh3+ 25. Kh1 Qxe3 26. Nxe3 Nf2+ 0-1

[Event "SVK-chT3A2 1617"]
[Site "Slovakia"]
[Date "2017.01.08"]
[Round "6.6"]
[White "Vogl, Zdenek"]
[Black "Sefcik, Marek"]
[Result "0-1"]
[WhiteElo "1934"]
[BlackElo "2032"]
[PlyCount "64"]
[EventDate "2016.10.16"]
[EventType "team-tourn"]
[EventRounds "11"]
[EventCountry "SVK"]
[SourceTitle "EXT 2020"]
[Source "ChessBase"]
[SourceDate "2019.10.17"]
[SourceVersion "1"]
[SourceVersionDate "2019.10.17"]
[SourceQuality "1"]
[WhiteTeam "Skalica II"]
[BlackTeam "Holic"]
[WhiteTeamCountry "SVK"]
[BlackTeamCountry "SVK"]

1. e4 c5 2. Nf3 e6 3. d4 cxd4 4. Nxd4 Bc5 5. Nb3 Bb6 6. Nc3 Ne7 7. Bg5 0-0 8. Bd3 Nbc6 9. 0-0 Ne5 10. Kh1 f5 11. exf5 Nxd3 12. Qxd3 Rxf5 13. Be3 d5 14. Bxb6 Qxb6 15. Nd4 Rf6 16. Na4 Qa5 17. Qb5 Qxb5 18. Nxb5 Bd7 19. Nbc3 Rc8 20. Rad1 b5 21. Ne4 bxa4 22. Nxf6+ gxf6 23. c3 Nf5 24. g4 Nd6 25. Rd4 a5 26. a3 Rb8 27. Rb1 Nb5 28. Rd3 Nxa3 29. Rc1 Nc4 30. Rd4 Rxb2 31. Rcd1 Nd6 32. Rc1 Bb5 0-1

[Event "SVK-chT2A 1516"]
[Site "Slovakia"]
[Date "2016.02.14"]
[Round "9.6"]
[White "Vogl, Zdenek"]
[Black "Macko, Miroslav"]
[Result "0-1"]
[WhiteElo "1905"]
[BlackElo "2123"]
[PlyCount "56"]
[EventDate "2015.10.17"]
[EventType "team-tourn"]
[EventRounds "11"]
[EventCountry "SVK"]
[SourceTitle "EXT 2017"]
[Source "ChessBase"]
[SourceDate "2016.10.25"]
[SourceVersion "1"]
[SourceVersionDate "2016.10.25"]
[SourceQuality "1"]
[WhiteTeam "Skalica"]
[BlackTeam "Bratislava KSN"]
[WhiteTeamCountry "SVK"]
[BlackTeamCountry "SVK"]

1. e4 e5 2. Nf3 Nc6 3. Bb5 f5 4. Bxc6 dxc6 5. Nxe5 Qd4 6. Nf3 Qxe4+ 7. Qe2 Nf6 8. Qxe4+ fxe4 9. Nd4 Bc5 10. Nb3 Bb6 11. 0-0 a5 12. d4 exd3 13. cxd3 a4 14. N3d2 Bf5 15. Re1+ Kf7 16. Ne4 Rhd8 17. Nbc3 Rxd3 18. Bf4 a3 19. b3 Ba5 20. Ng5+ Kg6 21. Nf3 Rxf3 22. gxf3 Bxc3 23. Bxc7 Bxa1 24. Rxa1 Bh3 25. f4 Re8 26. Bd6 Re2 27. Bc5 Ne4 28. Be3 Kf5 0-1

[Event "SVK-chT4A21 1314"]
[Site "Slovakia"]
[Date "2014.03.30"]
[Round "11.3"]
[White "Kubik, Peter1111"]
[Black "Vogl, Zdenek"]
[Result "0-1"]
[WhiteElo "1771"]
[BlackElo "1899"]
[PlyCount "56"]
[EventDate "2013.10.06"]
[EventType "team-tourn"]
[EventRounds "11"]
[EventCountry "SVK"]
[SourceTitle "EXT 2022"]
[Source "ChessBase"]
[SourceDate "2021.10.06"]
[SourceVersion "1"]
[SourceVersionDate "2021.10.06"]
[SourceQuality "1"]
[WhiteTeam "Senica Dragon"]
[BlackTeam "Skalica II"]
[WhiteTeamCountry "SVK"]
[BlackTeamCountry "SVK"]

1. e4 e5 2. Nf3 Nc6 3. Nc3 Nf6 4. Bb5 d6 5. d4 exd4 6. Nxd4 Bd7 7. 0-0 Be7 8. Re1 0-0 9. Bxc6 bxc6 10. Bf4 c5 11. Nf3 Rb8 12. Rb1 Nh5 13. Nd5 Nxf4 14. Nxf4 c6 15. c4 Bg4 16. h3 Bxf3 17. Qxf3 Bf6 18. Nd3 Bd4 19. e5 d5 20. b3 Re8 21. Qf5 Qc7 22. e6 fxe6 23. Rxe6 Rf8 24. Qh5 dxc4 25. Ne5 Rxf2 26. Kh1 Rbf8 27. Nf3 Qg3 28. Rg1 R2xf3 0-1

[Event "SVK-chT4A21 1314"]
[Site "Slovakia"]
[Date "2014.02.23"]
[Round "9.2"]
[White "Vogl, Zdenek"]
[Black "Skapik, Branislav"]
[Result "1-0"]
[WhiteElo "1899"]
[BlackElo "1841"]
[PlyCount "51"]
[EventDate "2013.10.06"]
[EventType "team-tourn"]
[EventRounds "11"]
[EventCountry "SVK"]
[SourceTitle "EXT 2022"]
[Source "ChessBase"]
[SourceDate "2021.10.06"]
[SourceVersion "1"]
[SourceVersionDate "2021.10.06"]
[SourceQuality "1"]
[WhiteTeam "Skalica II"]
[BlackTeam "Brezova"]
[WhiteTeamCountry "SVK"]
[BlackTeamCountry "SVK"]

1. e4 d5 2. exd5 Nf6 3. Nc3 Nxd5 4. Nxd5 Qxd5 5. Nf3 e5 6. d3 Bc5 7. Be2 Nc6 8. 0-0 b6 9. Be3 Bxe3 10. fxe3 Bb7 11. e4 Qc5+ 12. Kh1 f6 13. a3 a5 14. Rc1 Nd4 15. Nxd4 Qxd4 16. Bh5+ Ke7 17. c3 Qd6 18. Qc2 Rad8 19. d4 exd4 20. e5 Qc5 21. exf6+ Kf8 22. fxg7+ Kxg7 23. Rf7+ Kh6 24. Rxh7+ Kg5 25. Qg6+ Kf4 26. Rf7+ 1-0